Groups in physics : collective model of the nucleus canonical transformations in quantum mechanics /

Bibliographic Details
Main Author: Moshinsky, Marcos
Format: Book
Language:English
Published: Montreal, Quebec : Presses de l'Universite de Montreal, 1979.
Series:Séminaire de mathématiques supérieures ; 67.
Subjects:

MARC

Tag First Indicator Second Indicator Subfields
LEADER 00000cam a2200000 a 4500
001 in00000074573
005 20151008053604.0
008 800403s1979 quca b 00010 engm
010 |a  80465306  
015 |a C*** 
020 |a 2760604586 
035 |a (OCoLC)06105456 
035 |9 AAH7933AM 
040 |a DLC  |c DLC  |d TXA  |d UtOrBLW 
049 |a TXAM  |c [800255] 
050 0 0 |a QC174.17.T7  |b M67 
082 0 |a 530.1/2 
100 1 |a Moshinsky, Marcos. 
245 1 0 |a Groups in physics :  |b collective model of the nucleus canonical transformations in quantum mechanics /  |c Marcos Moshinsky. 
264 1 |a Montreal, Quebec :  |b Presses de l'Universite de Montreal,  |c 1979. 
300 |a 99 pages :  |b illustrations ;  |c 28 cm. 
336 |a text  |b txt  |2 rdacontent 
337 |a unmediated  |b n  |2 rdamedia 
338 |a volume  |b nc  |2 rdacarrier 
490 1 |a Séminaire de mathématiques supérieures ;  |v 67 
504 |a Includes bibliographies. 
650 0 |a Contact transformations. 
650 0 |a Group theory. 
650 0 |a Nuclear collective models. 
650 0 |a Quantum theory. 
830 0 |a Séminaire de mathématiques supérieures ;  |v 67. 
999 |a MARS 
999 f f |s 3639a4a5-73ff-3655-97f1-971f680de86c  |i 4cc3f761-d75b-306f-8cac-beb82e8c9dd8  |t 0 
952 f f |p ric  |a Texas A&M University  |b Rellis Campus  |c Joint Library Facility  |d Remote Storage  |t 0  |e QC174.17.T7 M67  |h Library of Congress classification  |i unmediated -- volume  |m A14806207916 
998 f f |a QC174.17.T7 M67  |t 0  |l Remote Storage